zpět

Detail výsledku týmu

Restaurace Domeček, Liberec

Datum a čas kvízu

19 Celkem bodů Celkový počet nahraných bodů na tomto kvízu bez doplňovacích otázek.
3. Pořadí na kvízu Konečné umístění týmu na tomto kvízu.

Zaznamenané odpovědi

# Otázka Odpověď Body Výsledky
1. Centrum pro výzkum veřejného m... Pavel Rychetský 0
2. V pařížské katedrále Notre-Dam... všichni museli mít na hlavách stavební přilby 1
3. Odpolední sobotní program fest... Milovice 1
4. V úterý se v londýnské aukční... Ludwig van Beethoven 1
5. Minulý týden bylo poměrně přek... Filip Pešán 1
6. Google vyhledávač má svou rozš... (Google) Scholar 0
7. Jestliže zadáme do předmětného... A) proč kluci dělají cucfleky 1
8. Při použití vyhledávače, o něm... easter egg (velikonoční vajíčko) 0
9. Sídlo společnosti Google nemůž... Googleplex 0
10. Koncept svátečního loga (tzv.... Den matek 0